プロ野球スピリッツA【プロスピA】の外国人選手 (福岡ソフトバンクホークス) - Statistics

General Stats
  • This quiz has been taken 134 times
    63 since last reset
  • The average score is 12 of 28
Answer Stats
選手名 % Correct
野手 A.デスパイネ
80%
投手(OB) D.サファテ
80%
投手 L.モイネロ
76%
投手 R.オスナ
72%
野手 Y.グラシアル
72%
野手 J.ダウンズ
70%
投手 D.ヘルナンデス
65%
野手(OB) 李大浩
59%
投手 C.スチュワート・ジュニア
57%
投手(OB) B.ファルケンボーグ
52%
野手(OB) J.ズレータ
52%
投手(TS) R.スアレス
43%
投手 R.バンデンハーク
43%
野手 W.アストゥディーヨ
41%
野手 A.ウォーカー
33%
野手 W.バレンティン
33%
投手 C.レイ
30%
野手 B.カニザレス
28%
野手(OB) T.バティスタ
28%
投手 A.ミランダ
26%
投手(OB) D.ホールトン
26%
投手 N.マルティネス
26%
投手 J.スタンリッジ
24%
投手 M.ムーア
20%
投手(OB) R.ペドラザ
20%
投手 J.ガンケル
17%
投手 E.バリオス
13%
野手 K.ジェンセン
11%
No matching quizzes found
Score Distribution
Percent of People with Each Score
Percentile by Number Answered
Your Score History
You have not taken this quiz since the last reset